[Event "WchT 8th"]
[Site "Ningbo"]
[Date "2011.07.26"]
[Round "9.1"]
[White "Harikrishna, Pentala"]
[Black "Grischuk, Alexander"]
[Result "0-1"]
[WhiteElo "2669"]
[BlackElo "2746"]
[Annotator "Krasenkow,M"]
[PlyCount "92"]
[EventDate "2011.07.17"]
[EventType "team-tourn"]
[EventRounds "9"]
[EventCountry "CHN"]
[SourceTitle "CBM 144"]
[Source "ChessBase"]
[SourceDate "2011.09.16"]
[SourceVersion "1"]
[SourceVersionDate "2011.09.16"]
[SourceQuality "1"]
[WhiteTeam "India"]
[BlackTeam "Russia"]
[WhiteTeamCountry "IND"]
[BlackTeamCountry "RUS"]

1. d4 Nf6 2. c4 g6 3. Nc3 d5 4. Bg5 Ne4 5. Bh4 Nxc3 6. bxc3 dxc4 7. e3 Be6 8.
Be2 Bg7 9. Nf3 Nd7 10. O-O (10. Ng5 {is comfortable for Black in this version:}
Bd5 11. e4 h6 12. exd5 hxg5 13. Bxg5 Nb6 14. Bf3 (14. Bxc4 Nxc4 15. Qa4+ c6 $1
16. Qxc4 Qxd5 17. Qxd5 cxd5 $11 {1/2 David,A (2602)-Guilleux,F (2303)/Orsay
2009/CBM 128 Extra (35)}) 14... Nxd5 ({or} 14... Qd6 15. Qe2 O-O-O 16. Bxe7 Qd7
17. Bxd8 Re8 18. Bg5 Rxe2+ 19. Kxe2 Qf5 $13 {1/2 Zhu Chen (2473)-Rodshtein,M 
(2623)/Biel 2009/CBM 131 Extra (35)}) 15. Qa4+ c6 16. Qxc4 Qd6 17. Rb1 (17. Rc1
O-O-O 18. g3 Qe6+ 19. Qe2 Qxe2+ 20. Kxe2 Bf6 21. h4 Bxg5 22. hxg5 Rxh1 23. Bxh1
e6 24. Be4 Kc7 25. Kd3 {1/2 Jianu,V (2492)-Shishkin,V (2513)/Baia Sprie 2010/
CBM 136 Extra}) 17... b5 18. Rxb5 cxb5 19. Qxb5+ Kf8 20. Qxd5 Rb8 21. Qxd6 exd6
22. Kd2 Rb2+ 23. Kd3 Bh6 24. Bf6 Bg7 25. Bg5 Bh6 26. Bf6 Bg7 27. Bg5 {1/2
Ponomariov,R (2727)-Anand,V (2788)/Zuerich 2009/CBM 131 Extra}) 10... Nb6 11.
Nd2 $6 {An inaccurate move.} (11. a4 {was essential to force the weakening ...
a7-a5. That line is very popular nowadays but still needs more tests as the
resulting positions are very hard to evaluate:} a5 12. Qc2 ({to} 12. Nd2 O-O (
12... f5 $5 13. Qb1 Qd7 14. Qa2 O-O 15. Rfb1 Bd5 $13 {1/2 Wojtaszek,R (2639)
-Krasenkow,M (2656)/Warsaw 2010/CBM 134 Extra (35)}) 13. Bf3 {Black can reply}
Ra7 14. Qc1 Re8 15. Qa3 Bd5 16. Bxd5 Qxd5 17. Bxe7 Nxa4 18. Qxa4 Rxe7 $13 {
1/2 Swiercz,D (2492)-Negi,P (2615)/Chotowa 2010/CBM 137 Extra (28)}) 12... O-O
13. Rfb1 (13. Bg3 Bf5 14. e4 Bg4 15. Ne5 Bxe2 16. Qxe2 Bxe5 17. Bxe5 Qd7 18.
Qc2 Nc8 19. Rfb1 c6 {1/2 Tomashevsky,E (2701)-Svidler,P (2750)/Dagomys 2010/
CBM 136}) 13... Bd7 (13... f6 14. Nd2 Bf7 15. Rb5 Kh8 (15... c6 16. Rb2 c5 17.
Rab1 Ra6 18. Ne4 $16 {1-0 Bhat,V (2536)-Konguvel,P (2416)/Badalona 2010/CBM
137 Extra (49)}) 16. Bg3 e5 17. dxe5 Be8 18. Rb2 fxe5 19. Nxc4 Nxc4 20. Bxc4
Rb8 21. Rd1 Qe7 22. Qb3 $14 {1-0 Wojtaszek,R (2663)-Kurnosov,I (2662)/Pamplona
2010/CBM 138 (75)}) (13... f5 14. Rb5 Bd5 15. Nd2 Qd7 16. Bg3 e6 17. Rab1 Bc6
18. Rxb6 cxb6 19. Nxc4 Be4 20. Bd3 Bxd3 21. Qxd3 Rad8 22. Nxb6 Qc6 23. f4 $14 {
1-0 Riazantsev,A (2686)-Arlandi,E (2430)/Plovdiv 2010/CBM 139 (49)}) (13... Bd5
14. Nd2 (14. e4 Bc6) 14... f5 15. Rb5 $1 {- see previous line} (15. Bf3 $143
Bf6 16. Bxd5+ Qxd5 17. Bg3 Qc6 18. Rb5 Nd5 19. Rc1 e6 20. Qa2 g5 21. h3 f4 22.
exf4 gxf4 23. Bh2 b6 24. Qxc4 {1/2 Brodsky,M (2549)-Gajsin,E (2476)/Tiumen
2010/CBM 140 Extra})) (13... Qe8 14. Bg3 Bd7 15. Bd1 Rc8 {0-1 Ashwin,J (2439)
-Gupta,A (2604)/Bhubaneswar IND 2011/The Week in Chess 865 (33)} 16. Bxc7 Rxc7
17. Rxb6 $14) 14. Nd2 Qe8 15. Nxc4 Bxa4 16. Qe4 (16. Qa2 Nd5 17. Qa3 {0-1
Avrukh,B (2656)-Popilsky,G (2449)/Israel 2010/EXT 2011 (51)} Bc6 $13) 16... Bc6
17. Qxe7 Nd5 18. Qxe8 Rfxe8 19. Rc1 a4 20. Bg3 Bb5 21. Nb6 Nxb6 22. Bxb5 c6 23.
Be2 Nd5 24. c4 Nf6 25. c5 Ne4 26. Ra2 {1-0 Vuckovic,B (2623)-Sutovsky,E (2695)/
Moscow RUS 2011/The Week in Chess 849 (60)} a3 $13) 11... O-O 12. Rb1 $6 (12.
a4 {can now be met with} c5 $1) (12. e4 $6 Qe8 13. Qc2 Qa4 14. Qxa4 Nxa4 15.
Rac1 b5 16. Bd1 Nb2 17. Bxe7 Rfe8 18. Ba3 Nd3 19. Rb1 c5 $17 {0-1 Spoelman,W 
(2580)-Bok,B (2430)/Eindhoven 2010/CBM 137 (44)}) (12. Bf3 {is probably the
best option:} c6 (12... Bd5 $5 13. Bxd5 Nxd5 14. Nxc4 c5 $11) 13. a4 {although
it is much less comfortable for White than 11.a4.}) 12... c5 13. Bf3 (13. dxc5
Nd5) 13... Bf5 (13... cxd4 $5 14. cxd4 c3 15. Ne4 Bxa2 {also keeping a healthy
extra pawn.}) 14. Rc1 Bd3 15. Re1 Qc7 16. Bg3 e5 17. a4 a5 {White has no
compensation for the pawn, and Black gradually wins.} 18. Be4 Bxe4 19. Nxe4
cxd4 20. cxd4 Qc6 21. Nc3 Rad8 22. Nb5 exd4 23. exd4 Bh6 24. f4 Rd5 25. Nc3 Rd7
26. Re2 Bg7 27. Rd2 Nd5 28. Nxd5 Qxd5 29. Bf2 Rc8 30. Qe1 h5 31. h3 Kh7 32. Qe3
Rc6 33. Rdd1 Rb6 34. Qe2 Rb4 35. Qc2 Bh6 36. Be3 Rb3 37. Qf2 Re7 38. Bd2 Rd3
39. Bc3 Rde3 40. Re1 R3e4 41. Rxe4 Rxe4 42. Rb1 Rxf4 43. Qb2 Bg7 44. Rd1 Re4
45. Qb5 Qxb5 46. axb5 b6 0-1

[Event "FIDE World Cup"]
[Site "Khanty-Mansiysk"]
[Date "2011.08.29"]
[Round "1.2"]
[White "Genba, Vladimir"]
[Black "Grischuk, Alexander"]
[Result "1/2-1/2"]
[WhiteElo "2452"]
[BlackElo "2746"]
[PlyCount "47"]
[EventDate "2011.08.28"]
[EventType "k.o."]
[EventRounds "7"]
[EventCountry "RUS"]
[SourceTitle "CBM 145"]
[Source "ChessBase"]
[SourceDate "2011.11.11"]
[SourceVersion "1"]
[SourceVersionDate "2011.11.11"]
[SourceQuality "1"]

1. c4 g6 2. g3 Bg7 3. Bg2 c5 4. Nc3 Nc6 5. e3 e6 6. Nge2 Nge7 7. O-O O-O 8. d4
cxd4 9. Nxd4 d5 10. cxd5 Nxd4 11. exd4 Nxd5 12. Nxd5 exd5 13. Be3 Be6 14. Qb3
Qb6 15. Qxb6 axb6 16. a3 Rfc8 17. Rfc1 Rc6 18. Bf1 Rac8 19. Rxc6 bxc6 20. Rc1
Bd7 21. b4 b5 22. f3 Bf8 23. Bd3 f6 24. Kf2 1/2-1/2

[Event "FIDE World Cup"]
[Site "Khanty-Mansiysk"]
[Date "2011.09.03"]
[Round "3.1"]
[White "Grischuk, Alexander"]
[Black "Morozevich, Alexander"]
[Result "1-0"]
[WhiteElo "2746"]
[BlackElo "2694"]
[Annotator "Moradiabadi,E"]
[PlyCount "111"]
[EventDate "2011.08.28"]
[EventType "k.o."]
[EventRounds "7"]
[EventCountry "RUS"]
[SourceTitle "CBM 145"]
[Source "ChessBase"]
[SourceDate "2011.11.11"]
[SourceVersion "1"]
[SourceVersionDate "2011.11.11"]
[SourceQuality "1"]

1. e4 e6 2. d4 d5 3. e5 c5 4. c3 Bd7 5. Nf3 Qb6 6. Bd3 cxd4 7. Nxd4 Bc5 {
An odd choice by Morozevich... which one should expect from him!} (7... Ne7 8.
Nd2 Nbc6 9. Nxc6 Nxc6 10. Qe2 (10. Nf3 h6 11. h4 d4 $6 {It seems a bit
premature at this point. Black is lagging behind in development.} 12. O-O dxc3
13. bxc3 Bc5 14. Qe2 Qc7 15. Rb1 O-O-O 16. Be3 Bxe3 17. Qxe3 Kb8 {Here White
could head for} 18. Rb2 (18. Be4 Na5 19. Nd4 $14 {1/2-1/2 (38) Nakamura,H 
(2580)-Volkov,S (2629) Tripoli 2004}) 18... Na5 19. Rfb1 b6 20. Be2 $1 {
[%cal Gf3d4,Ge2f3] with the idea of Nd4 and Bf3.} Bc6 $2 21. c4 $16) 10... Qc7
11. Nf3 h6 12. O-O g5 (12... Be7 13. Re1 $14 {1-0 (35) Vallejo Pons,F (2635)
-Rustemov,A (2597) Mondariz 2002}) 13. h3 Bg7 14. Re1 O-O-O 15. Be3 Kb8 $13 {
I propose the following as an alternative to the game 1-0 (74) Nakamura,H 
(2580)-Volkov,S (2629) Tripoli 2004.} 16. Bc5 Bf8 17. Bxf8 Rdxf8 18. b4 $13 (
18. Rac1 Rfg8 19. Nd4 Nxd4 20. cxd4 Qb6 21. Qe3 g4 22. h4 g3 $1 $132)) (7...
Nc6 8. Nxc6 Bxc6 (8... bxc6 {This is the main line} 9. O-O Ne7 (9... f5 $6 {
An anti-positional move which one has to overcome with positional manoeuvres}
10. Nd2 (10. c4 $6 {Shabalov's try is too drastic in this game} Ne7 $13 {
0-1 (42) Shabalov,A (2592)-Akobian,V (2547) Stratton Mountain 2003}) 10... Ne7
11. Nf3 c5 12. Re1 a5 13. Rb1 {Shabalov smoothly handles matters and in spite
of the spatial advantage Black has managed to achieve, development remains his
main handicap.} h6 14. b3 g5 15. a3 Bg7 16. b4 c4 17. Bc2 Qc7 18. b5 $36 {
1-0 (39) Shabalov,A (2575)-Akobian,V (2533) Denver 2003}) 10. Nd2 Ng6 11. Nf3
Be7 12. Re1 (12. Qe2 c5 13. c4 $6 {A move not in the spirit of the position}
dxc4 14. Be4 Bc6 15. Qxc4 O-O 16. Bxc6 Qxc6 17. b3 Rfd8 18. Re1 Rd5 $11 {
1/2-1/2 (41) Potkin,V (2522)-Lastin,A (2632) Istanbul 2003}) 12... c5 (12...
O-O 13. h4 $1 $14 (13. Ng5 $5 Bxg5 14. Bxg5 h6 (14... Qxb2 15. h4 $44) 15. Bc1
f5 16. exf6 Rxf6 17. Qc2 Be8 18. Be3 {1/2-1/2 (52) Ehlvest,J (2600)-Milov,V 
(2592) Santo Domingo 2003. Despite the fact that Black succeeded in getting a
draw, White's advantage is indiputable.})) 13. Rb1 {Frees the bishop on c1.}
Bb5 14. Bc2 a5 15. Ng5 Rd8 16. b3 $13 {1-0 (41) Ehlvest,J (2602)-Ibragimov,I 
(2587) Las Vegas 2003} (16. Qh5 $5)) 9. Qe2 Ne7 10. Nd2 Ng6 11. Nf3 Be7 12. O-O
Qc7 13. Bd2 Bd7 14. Rae1 O-O 15. Nd4 $14 {1/2-1/2 (42) Grischuk,A (2671)
-Gurevich,M (2641) Wijk aan Zee 2002}) 8. O-O (8. Qg4 $6 Ne7 $1 {In the spirit
of the French Defence, Black sacrifices a pawn for sake of his development.} 9.
Qxg7 (9. O-O Ng6 10. Nf3 Bb5 $1 11. Bxb5+ Qxb5 12. Nbd2 Nd7 13. c4 Qc6 14. b3
$11 {1/2-1/2 (23) Khairullin,I (2544)-Volkov,S (2623) Moscow 2008}) 9... Rg8
10. Qf6 Rxg2 11. Bxh7 Ng8 $1 {A move which only computers play! A fantastic
retreat!} (11... Bxd4 12. cxd4 Qxd4 13. Nc3 $13 {1-0 (28) Volokitin,A (2654)
-Volkov,S (2640) Dresden 2007}) 12. Qf3 (12. Qh8 $2 Bxd4 13. cxd4 (13. Bxg8 $4
Bxc3+ $19) 13... Qxd4 14. Be3 Qh4 15. Nc3 Nc6 $19) 12... Rg7 13. Bd3 (13. Bxg8
Bxd4 14. cxd4 Nc6 $1 $17) 13... Bxd4 14. cxd4 Nc6 {and Black has a clear
advantage!}) 8... Bxd4 9. cxd4 Qxd4 {Morozevich accepts the gambit...and the
challenge!} 10. Nc3 a6 11. Re1 Bc6 (11... Nc6 {After this both Ne2 and Be3 are
alternatives.} 12. Be3 Qb4 13. a3 (13. Bd2 Qd4 $11) 13... Qxb2 14. Na4 Qxe5 15.
Nb6 Rd8 16. Bc5 Qg5 17. f4 {and White's initiative is too dangerous. I believe
that Morozevich was right to continue solidly with his piece development. The
d5-square needs protection.}) 12. Ne2 Qg4 13. h3 Qh5 14. Bf4 Bb5 15. Qb3 (15.
Qc1 $1 Nc6 16. Ng3 Qh4 17. Be4 $1 h6 (17... dxe4 $4 18. Bg5 {The queen is
trapped.}) (17... Qd8 18. Bb1 Rc8 19. a4 Bc4 20. Ne4 $40) 18. Bxd5 {This is
the point! No one can blame Grischuk for not seeing this.} Nge7 (18... exd5 19.
Nf5 Qd8 20. Qc3 $1 {[%cal Gc3g7,Gc3g3]} Nge7 21. Nd6+ Kf8 22. a4 Bc4 23. b3 Qa5
24. Qf3 Nd4 25. Qh5 {with a crushing attack!}) 19. Be4 Nb4 (19... O-O $4 20. a4
{Traps the bishop}) 20. Be3 (20. Bxb7 $2 Nd3 $13) 20... Rc8 21. Qd1 Nbd5 22.
Bd2 $14) 15... Ne7 16. Bxb5+ axb5 17. Qxb5+ Nbc6 18. Qxb7 O-O (18... Rb8 19.
Qa6 O-O {seems better, as a result of White's misplaced queen.}) 19. Qb3 Rab8
20. Qc3 Rfc8 21. Qd2 h6 $44 22. Rac1 Qh4 23. b3 Nf5 24. g4 $5 Nfe7 25. Kg2 Ra8
$2 (25... Ng6 {seems more appealing.}) 26. Rc5 $1 {After this strong move
White starts to prove that he is a pawn up!} f5 27. gxf5 $6 (27. exf6 Qxf6 28.
Bg3 e5 29. b4 {looks like an easier solution.}) 27... Nxf5 28. Rec1 Nce7 29.
Rxc8+ Nxc8 30. Rc6 Qe7 31. Qc2 Qe8 32. a4 Qg6+ 33. Bg3 Nce7 34. Nf4 Qf7 35. Rc7
g5 36. Ne2 Rf8 37. a5 {White has carried off his plan and consolidates his
advantage on the queenside.} h5 $2 {Desperation?!} (37... d4 $1 38. Qd3 (38. a6
$2 Ne3+ 39. fxe3 d3 40. Qxd3 Qf1+ 41. Kh2 Rf2+ $11) 38... Qe8 {and Black can
put up a lengthy resistance!}) 38. Qd2 Qg6 39. a6 h4 40. Bh2 g4 41. Nf4 Qg5 42.
Qe2 $1 {Grischuk plays accurately!} Nh6 (42... g3 43. Qg4 $1 Qxg4 44. hxg4 $18
{[%csl Re7,Rf5][%cal Ga6a8]}) 43. Rxe7 gxh3+ 44. Kxh3 Qxe7 45. Ng6 Qb4 46. Nxf8
Kxf8 47. a7 Qa5 48. Bf4 Nf5 49. Qh5 {Finally White wins with a kingside
assault!} Kg7 50. Qg5+ Kh7 51. Qh5+ Kg7 52. Bg5 Qc3+ 53. Kg2 h3+ 54. Qxh3 Qc6
55. Bf6+ Kg6 56. Qg4+ {A great fight between two uncompromising leading
players!} 1-0

[Event "FIDE World Cup"]
[Site "Khanty-Mansiysk"]
[Date "2011.09.06"]
[Round "4.1"]
[White "Potkin, Vladimir"]
[Black "Grischuk, Alexander"]
[Result "1-0"]
[WhiteElo "2682"]
[BlackElo "2746"]
[PlyCount "87"]
[EventDate "2011.08.28"]
[EventType "k.o."]
[EventRounds "7"]
[EventCountry "RUS"]
[SourceTitle "CBM 145"]
[Source "ChessBase"]
[SourceDate "2011.11.11"]
[SourceVersion "1"]
[SourceVersionDate "2011.11.11"]
[SourceQuality "1"]

1. d4 Nf6 2. c4 g6 3. Nc3 Bg7 4. e4 d6 5. Be2 O-O 6. Bg5 Na6 7. f4 Qe8 8. Nf3
e5 9. fxe5 dxe5 10. d5 Nc5 11. Nd2 Nh5 12. Bxh5 gxh5 13. Qxh5 Nd3+ 14. Ke2 Nf4+
15. Bxf4 exf4 16. Rhf1 Be5 17. g3 fxg3 18. Nf3 Bg7 19. e5 Bxe5 20. Nxe5 f6 21.
Qxe8 Rxe8 22. hxg3 Rxe5+ 23. Kd2 Kf7 24. Rf4 Rf5 25. Raf1 Rxf4 26. Rxf4 Bd7 27.
Ne4 f5 28. Nc5 Bc8 29. b4 b6 30. Nd3 Kf6 31. Rh4 Kg7 32. Kc3 Bd7 33. Ne5 Be8
34. Kd4 h5 35. Nd3 Bf7 36. Nf4 Re8 37. Nxh5+ Bxh5 38. Rxh5 Re4+ 39. Kd3 b5 40.
c5 Re5 41. d6 cxd6 42. c6 Re4 43. Rxf5 Rxb4 44. Rf2 1-0

[Event "FIDE World Cup"]
[Site "Khanty-Mansiysk"]
[Date "2011.09.07"]
[Round "4.2"]
[White "Grischuk, Alexander"]
[Black "Potkin, Vladimir"]
[Result "1-0"]
[WhiteElo "2746"]
[BlackElo "2682"]
[Annotator "Ftacnik,L"]
[PlyCount "63"]
[EventDate "2011.08.28"]
[EventType "k.o."]
[EventRounds "7"]
[EventCountry "RUS"]
[SourceTitle "CBM 145"]
[Source "ChessBase"]
[SourceDate "2011.11.11"]
[SourceVersion "1"]
[SourceVersionDate "2011.11.11"]
[SourceQuality "1"]

1. e4 e6 2. d4 d5 3. Nc3 Nf6 4. e5 Nfd7 5. f4 c5 6. Nf3 Nc6 7. Be3 a6 8. Qd2 b5
9. Nd1 {Black's expansion on the queenside bears the signs of clear ambition.
The tension along the squares d4-c5 is favourable for him, but he can not
directly benefit from it. With the queenside activity Potkin is trying to
deflect attention from his modestly protected kingside.} b4 10. Be2 Qb6 11. c3
(11. O-O a5 (11... Be7 12. c4 bxc3 13. Nxc3 Rb8 14. b3 cxd4 15. Nxd4 Nxd4 16.
Bxd4 Bc5 17. Bxc5 Qxc5+ 18. Kh1 Nb6 19. Rac1 Qb4 20. Ne4 Qxd2 21. Nxd2 $14 {
1/2-1/2 Kurnosov,I (2674)-Lysyj,I (2615)/Dagomys 2010 (50)}) (11... cxd4 12.
Nxd4 Nxd4 13. Bxd4 Qxd4+ 14. Qxd4 Bc5 15. c3 bxc3 16. bxc3 Ke7 17. Ne3 Bxd4 18.
cxd4 a5 19. Rac1 Ba6 20. Bxa6 Rxa6 $11 {1/2-1/2 De Firmian,N (2560)-Dreev,A 
(2615)/Manila 1990 (51)}) 12. c3 (12. Rc1 Bb7 13. c3 cxd4 14. Nxd4 Nxd4 15.
cxd4 f5 16. g4 Be7 17. gxf5 exf5 18. Bf3 Nf8 19. Qg2 Ne6 20. Bxd5 Bxd5 21. Qxd5
Rd8 22. Qg2 $16 {1-0 Andreikin,D (2635)-Shimanov,A (2535)/Dagomys 2010 (56)})
12... Be7 (12... Ba6 13. Bxa6 Qxa6 14. f5 exf5 15. Ng5 cxd4 16. cxd4 h6 17. Nh3
Ne7 18. a3 bxa3 19. Rxa3 g5 20. Qf2 Qe6 21. Nc3 Nc6 22. Nb5 Rc8 $11 {1-0
Nijboer,F (2583)-Van Eijk,S (2387)/Groningen 2010 (32)}) (12... g6 13. Nf2 Ba6
14. Bxa6 bxc3 15. bxc3 Qxa6 16. Ng4 Be7 17. Nh6 Nb6 18. Ng5 Nc4 19. Qe2 Nd8 20.
dxc5 Nxe3 21. Qxe3 $14 {1/2-1/2 Stellwagen,D (2561)-Heberla,B (2465)/Istanbul
2005 (49)}) 13. Bf2 O-O 14. f5 bxc3 15. bxc3 cxd4 16. cxd4 Ba6 17. Bxa6 Qxa6
18. Ne3 Bb4 19. Qd1 Rac8 20. Ng5 Nxd4 21. Qxd4 Bc3 22. Qh4 $16 {0-1 Svidler,P 
(2735)-Morozevich,A (2741)/Monte Carlo 2005 (38)}) 11... bxc3 {The immediate
exchange on the c3-square reveals Black's impatience. The second player would
love to know more about the future structure in the centre.} (11... Rb8 12. O-O
g6 (12... bxc3 13. bxc3 Be7 14. Bd3 $14) 13. Kh1 Na5 14. Bg1 bxc3 15. bxc3 cxd4
16. Nxd4 Nc5 17. Ne3 Qb2 18. Qe1 Ne4 19. Rc1 h5 20. Bd3 $11 {1-0 Nijboer,F 
(2584)-Visser,Y (2480)/Hilversum 2006 (48)}) 12. Nxc3 $1 (12. bxc3 cxd4 13.
Nxd4 Nc5 14. Nf2 Na5 15. O-O Be7 16. c4 Nxc4 17. Bxc4 dxc4 18. Rfc1 Bb7 19.
Rxc4 Qd8 20. Qc2 $18 {1/2-1/2 Nijboer,F (2559)-Visser,Y (2470)/Hoogeveen 2007 
(92)}) 12... Rb8 13. b3 Qa5 {The retreat of the queen does not belong to the
dream solutions, but the defender had to solve the problem of his opponent's
threat of Na4.} (13... Qb4 14. O-O cxd4 15. Nxd4 Nxd4 16. Bxd4 Bc5 17. Rad1
Qxd4+ 18. Qxd4 Bb7 19. Qxc5 Nxc5 20. Rc1 Rc8 21. b4 Nd7 $14 {0-1 Inarkiev,E 
(2612)-Kiriakov,P (2565)/Sochi 2005 (68)}) (13... cxd4 14. Nxd4 Bb4 15. a3 (15.
Nc2 Bc5 16. Na4 Bxe3 $11) 15... Nxd4 16. Bxd4 Bxc3 17. Qxc3 Qxb3 18. Qxb3 Rxb3
19. Kd2 f6 20. Rhc1 $16) (13... Be7 $6 14. Na4 Qb4 15. dxc5 $16) 14. Rc1 cxd4 {
After the rook move to c1 Black has to worry about combinations taking
advantage of the pressure along the c-file.} (14... Be7 15. dxc5 Bxc5 (15...
Nxc5 16. Nxd5 $1 Nxb3 17. Qxa5 Nbxa5 18. Nxe7 Nxe7 19. Kf2 $16) 16. Nxd5 Bxe3
17. Nxe3 $16) 15. Nxd4 Nxd4 (15... Bb7 $5 16. O-O (16. f5 Nxd4 17. Bxd4 exf5
18. e6 fxe6 19. Bh5+ g6 20. Bxh8 gxh5 21. Qg5 Bc5 $14) 16... Bc5 17. Rfd1 O-O
18. Nxc6 Bxe3+ 19. Qxe3 Bxc6 20. Bg4 $14) 16. Bxd4 Ba3 (16... Bc5 17. Bxc5 Nxc5
18. Ne4 $1 Qxd2+ 19. Nxd2 Nd7 20. Nf3 $16) 17. Rc2 O-O 18. Na4 $1 {[%mdl 32]
This simple move of exceptional strength emphasises the sound nature of
White's setup. The queen exchange would have led into a position with great
suffering in the worse position. Black decides to look for chances in the
complications, hoping to change the flow of the game.} Bb4 (18... Qxd2+ 19.
Kxd2 f6 20. Bg4 Kf7 21. Rc6 f5 22. Be2 $16) 19. Bc3 f6 (19... Bxc3 20. Qxc3
Qxc3+ 21. Rxc3 f6 22. Bg4 Kf7 (22... f5 23. Be2 g5 24. g3 $16) 23. Rc6 f5 24.
Be2 g5 25. g3 Rb4 26. O-O gxf4 27. Rfc1 (27. gxf4 Rg8+ 28. Kh1 Ke7 $11) 27...
fxg3 28. Rxc8 gxh2+ 29. Kxh2 Rxc8 30. Rxc8 Nxe5 31. Nc5 $14) 20. Bg4 Re8 $2 {
Potkin was reluctant to give up the lion's share of his counterplay with the
help of the f-pawn advance. Unfortunately stubborness will not bring him
relief in the worse position, it will only open up more active options for his
opponent.} (20... fxe5 21. Bxb4 Qxb4 22. Qxb4 Rxb4 23. Bxe6+ Kh8 24. fxe5 Re4+
25. Kd1 Rxe5 26. Re1 Rxe1+ 27. Kxe1 $16) (20... f5 21. Be2 $14) 21. Bxb4 Rxb4 (
21... Qxb4 22. Bxe6+ Rxe6 23. Rxc8+ Kf7 24. Rxb8 Qxb8 25. O-O $16) 22. O-O {
Grischuk combines exceptional chess talent with the ideal qualities of the
gambler. He has also made his name outside the chess world as a clever poker
player - thus he does not lose his sleep over ocassional missed chance. The
blow on the e6-square could have decided the game in an instant.} (22. Bxe6+ $1
Rxe6 (22... Kh8 23. Bf7 Re4+ 24. Kd1 Qxd2+ 25. Kxd2 Rd8 26. Rhc1 $18) 23. Rxc8+
Kf7 24. O-O Rxa4 25. Qd1 $18) 22... Bb7 (22... fxe5 23. Bxe6+ $18) 23. a3 {
Gifted players are not obliged to look for the best solutions. The simple
doubling of the rooks along the c-file was objectively devastating.} (23. Rfc1
$1 f5 (23... fxe5 24. Rc5 Nxc5 25. Rxc5 Rb5 26. Qxa5 Rxa5 27. Rxa5 exf4 28. Nc5
$18) 24. Bd1 Bc6 25. Rxc6 Rxa4 26. Qxa5 Rxa5 27. a4 $18) 23... Rxa4 24. bxa4
Qxd2 (24... Qxa4 25. Rb1 Ba8 26. Rb4 Qa5 (26... Qxa3 27. Ra2 $18) 27. Bxe6+
Rxe6 28. Rb8+ $18) 25. Rxd2 fxe5 26. fxe5 {Grischuk is logically playing his
own version of chess instead of fishing for the random chances that could lead
to the breaking of his opponent's resistance.} (26. Rb2 $5 Bc6 27. Rc1 Bxa4 28.
Rb4 Bb5 29. Rc7 Nf6 30. fxe5 Nxg4 31. Rxg4 g6 32. Rf4 $18) 26... Nxe5 27. Be2
Rc8 (27... Bc6 28. a5 Nc4 29. Bxc4 dxc4 30. Rd6 Bb5 31. a4 Bxa4 32. Rxa6 c3 33.
Rb6 $18) 28. Rb2 Rc7 (28... Bc6 29. Bxa6 Ra8 30. Rb6 d4 31. Rd1 Bxa4 32. Rxd4
$18) 29. Rb6 Nc4 (29... Re7 30. Bxa6 $18) 30. Bg4 $1 {The elegant finish
somehow justifies White's way of handling the chess game. The witty
combination instantly breaks Black's resistance.} (30. Rxe6 g6 31. Rd1 $18)
30... g6 (30... Nxb6 31. Bxe6+ Kh8 32. Rf8#) 31. Bxe6+ Kg7 32. Rxb7 $1 {
Facing the light hand of Grischuk not even the current champion of Europe
Potkin stood any real chance.} (32. Rxb7 $1 Rxb7 33. Bxd5 Rb3 (33... Rc7 34.
Rc1 $18) 34. Bxc4 Rxa3 35. Bxa6 Rxa4 36. Be2 $18) 1-0

[Event "FIDE World Cup"]
[Site "Khanty-Mansiysk"]
[Date "2011.09.09"]
[Round "5.1"]
[White "Grischuk, Alexander"]
[Black "Navara, David"]
[Result "1/2-1/2"]
[WhiteElo "2746"]
[BlackElo "2722"]
[PlyCount "55"]
[EventDate "2011.08.28"]
[EventType "k.o."]
[EventRounds "7"]
[EventCountry "RUS"]
[SourceTitle "CBM 145"]
[Source "ChessBase"]
[SourceDate "2011.11.11"]
[SourceVersion "1"]
[SourceVersionDate "2011.11.11"]
[SourceQuality "1"]

1. d4 Nf6 2. c4 e6 3. Nf3 b6 4. g3 Ba6 5. b3 Bb4+ 6. Bd2 Be7 7. Nc3 O-O 8. Rc1
Ba3 9. Rc2 Nc6 10. Bc1 Bxc1 11. Rxc1 d5 12. cxd5 Nxd5 13. Bg2 Nxc3 14. Rxc3 Nb4
15. a3 Nd5 16. Rc2 Qe7 17. Qa1 Rac8 18. O-O c5 19. Rfc1 Rc7 20. dxc5 Rxc5 21.
Rxc5 bxc5 22. Nd2 Rc8 23. Bf3 h6 24. h4 Nb6 25. Qe5 c4 26. bxc4 Qxa3 27. Ra1
Qb4 28. Qa5 1/2-1/2